LEADER 02005nam a2200361 u 4500 001 000000107040 003 CaOOAMICUS 005 20070914144216.0 008 070914s1992 vc ado u000 u eng u 020 $a88-7761-048-4 040 $aPUL$bita$dPG 041 0 $aengfre 111 2 $aWorking Group on the Determination of Brain Death and its Relationship to Human Death$d(1989 :$cVatican City).$0(OLS)http://pul/name/65706 245 10$aWorking group on The determination of brain death and its relationship to human death :$b10-14 december 1989 /$cedited by R. J. White, H. Angstwurm and I. Carrasco De Paula. 246 30$aThe determination of brain death and its relationship to human death 260 $aCittà del Vaticano :$bPontificia Academia Scientiarum,$c1992. 300 $axxiii, 207 p., [2] c. di tav. :$bill. ;$c24 cm. 490 1 $aPontificiae Academiae Scientiarum scripta varia ;$v83 504 $aBibliografia in nota. 546 $aTesto in inglese e francese. 650 14$aEtica$xCongressi.$0(OLS)http://pul/subject/24160 650 14$aMorte.$0(OLS)http://pul/subject/4246 700 1 $aAngstwurn, H.$0(OLS)http://pul/name/65704 700 1 $aWhite, Robert J.$0(OLS)http://pul/name/65703 700 1 $aCarrasco de Paula, Ignacio.$0(OLS)http://pul/name/65705 830 0$aPontificiae Academiae Scientiarum scripta varia ;$v83.$0(OLS)http://pul/title/1450 850 $aPUL 852 $aPUL$W1$xSL Religione 1$y3$m37 A 158$j121279$qStampati$B120374$CPULBib$Z2$F120374 $H70959 $82 941 1 $a8 996 $6020$a88-7761-048-4$9(OLS)http://pul/number/135661 996 $6246$aThe determination of brain death and its relationship to human death$9(OLS)http://pul/title/134796 996 $6245$aWorking group on The determination of brain death and its relationship to human death :$b10-14 december 1989$9(OLS)http://pul/title/134795 996 $6260$aCittà del Vaticano :$bPontificia Academia Scientiarum$9(OLS)http://pul/publisher/73770 LEADER 01421nam a2200301 a 4500 001 000000141614 003 CaOOAMICUS 005 20150204110110.0 008 150204s2005 gw u000 u ger r 020 $a978-3-579-02684-8 040 $aPUL$bita 100 1 $aBuber, Martin,$d1878-1965.$0(OLS)http://pul/name/5557 245 10$aSchriften zu Jugend, Erziehung und Bildung /$cMartin Buber ; Herausgegeben, eingeleitet und kommentiert von Juliane Jacobi. 260 $aGütersloh :$bGütersloher Verlagshaus,$c©2005. 300 $a460 p. ;$c23 cm 490 1 $aMartin Buber Werkausgabe ;$v8 504 $aInclude riferimenti bibliografici ed indice. 650 4$aIstruzione.$0(OLS)http://pul/subject/18256 700 1 $aJacobi, Juliane.$0(OLS)http://pul/name/91191 800 1 $aBuber, Martin,$d1878-1965.$tOpere.$0(OLS)http://pul/nameTitle/1137$0(OLS)http://pul/name/5557$0(OLS)http://pul/title/5258 830 0$aMartin Buber Werkausgabe ;$v8.$0(OLS)http://pul/title/151025 850 $aPUL 852 $aPUL$W1$xSL Religione 1$y3$m7(1) M 8.8$j163437$qStampati$B163372$CPULBib$Z2$F163372 $H125353 $82 941 1 $a8 996 $6020$a978-3-579-02684-8$9(OLS)http://pul/number/156873 996 $6245$aSchriften zu Jugend, Erziehung und Bildung$9(OLS)http://pul/title/179230 996 $6260$aGütersloh :$bGütersloher Verlagshaus$9(OLS)http://pul/publisher/67356 LEADER 01092nam a2200265 u 4500 001 000000109634 003 CaOOAMICUS 005 20080211121449.0 008 080211s2007 it u000 u ita u 020 $a88-13-26298-1 040 $aPUL$bita$dLDB 100 1 $aBonfatti, Sido.$0(OLS)http://pul/name/67195 245 10$aManuale di diritto fallimentare /$cSido Bonfatti, Paolo Felice Censoni. 250 $a2. ed. 260 $aPadova :$bCEDAM,$cc2007. 300 $axxii, 578 p. ;$c24 cm. 650 4$aDiritto commerciale.$0(OLS)http://pul/subject/1505 650 4$aFallimento (diritto).$0(OLS)http://pul/subject/17091 700 1 $aCensoni, Paolo Felice.$0(OLS)http://pul/name/67196 850 $aPUL 852 $aPUL$W1$xDP2 Diritto e Scienze Sociali 3$y110$m346. 4507 BONSI 1$j125455$qDDC 21$B124184$CPULBib$Z2$F124184 $H106294 $82 941 1 $a9 996 $6020$a88-13-26298-1$9(OLS)http://pul/number/137029 996 $6245$aManuale di diritto fallimentare$9(OLS)http://pul/title/63990 996 $6260$aPadova :$bCEDAM$9(OLS)http://pul/publisher/48126